| 000 | 00680cam a2200229 a 4500 | ||
|---|---|---|---|
| 001 | 637973 | ||
| 005 | 20171222070036.0 | ||
| 008 | 940811s1995 txua b 000 0 eng | ||
| 010 | _a 93080878 | ||
| 020 | _a015501191X | ||
| 040 |
_aDLC _cDLC _dDLC |
||
| 041 | _aeng | ||
| 080 | _a808.82 WOR | ||
| 082 | 0 | 0 |
_a808.82 WOR _220 |
| 100 | _a22 | ||
| 101 | _aGJU | ||
| 245 | 0 | 0 |
_aModern drama : _cW.B. Worthen. |
| 504 | _aIncludes bibliographical references (p. 1192-1199). | ||
| 906 |
_a7 _bcbc _corignew _d2 _eopcn _f19 _gy-gencatlg |
||
| 942 |
_2ddc _cBK |
||
| 999 |
_c39329 _d39329 |
||